University Home | Library Home | Institutional Repository

After word comes weird / (Record no. 139865)

MARC details
000 -LEADER
fixed length control field 00554cam8a220019300 4500
001 - CONTROL NUMBER
control field tmp15357477
003 - CONTROL NUMBER IDENTIFIER
control field UPRA
005 - DATE AND TIME OF LATEST TRANSACTION
control field 20190823083532.0
008 - FIXED-LENGTH DATA ELEMENTS--GENERAL INFORMATION
fixed length control field 950801s1969 wiu eng u
035 ## - SYSTEM CONTROL NUMBER
System control number (Sirsi) r10784
035 ## - SYSTEM CONTROL NUMBER
System control number (UPRA)tmp15357477
040 ## - CATALOGING SOURCE
Transcribing agency UPRA
100 1# - MAIN ENTRY--PERSONAL NAME
Personal name Fife, Darlene.
Linkage A64421.1
245 10 - TITLE STATEMENT
Title After word comes weird /
Statement of responsibility, etc. by Darlene Fife and Robert Head.
260 ## - PUBLICATION, DISTRIBUTION, ETC.
Place of publication, distribution, etc. Madison, WI :
Name of publisher, distributor, etc. Quixote Press,
Date of publication, distribution, etc. 1969.
700 1# - ADDED ENTRY--PERSONAL NAME
Personal name Head, Robert.
Linkage A64422.1
949 ## - LOCAL PROCESSING INFORMATION (OCLC)
a PS3556.I34
w lcc
i -2565
m MAIN
t BOOK
l ON-SHELF

No items available.

© 2026 - The University of Zambia Library - Koha v25.11